Cities or countries by famous landmarks (pictures) - Statistics

General Stats
  • This quiz has been taken 87 times
  • The average score is 35 of 48
Answer Stats
Picture Hint Answer % Correct
Statue of Liberty New York, USA
99%
Eiffel Tower Paris, France
99%
Saint Basil's Cathedral Moscow, Russia
97%
Colosseum Rome, Italy
97%
Tower Bridge London, UK
93%
Leaning Tower of ___ Pisa, Italy
93%
_____ Opera House Sydney, Australia
93%
Empire State Building New York, USA
92%
Parthenon on Acropolis Athens, Greece
91%
Sagrada Familia Barcelona, Spain
88%
Notre-Dame de ___ Paris, France
88%
World Trade Center aka Twin Towers New York, USA
86%
Arc de Triomphe Paris, France
84%
Christ the Redeemer Rio de Janeiro, Brazil
84%
Washington Monument Washington, D.C., USA
84%
Great Wall of ____ China
82%
Great Pyramid of ___ Giza, Egypt
82%
Burj Khalifa Dubai, UAE
81%
Palace of Westminster London, UK
81%
CN Tower Toronto, Canada
81%
US Capitol Washington, D.C., USA
80%
Saint Peter's Square Vatican City
78%
Taj Mahal Agra, India
77%
Forbidden City Beijing, China
77%
Machu Picchu Cusco Region, Peru
77%
Kremlin Moscow, Russia
77%
Hagia Sophia Istanbul, Turkey
76%
Chrysler Building New York, USA
74%
Burj Al Arab Dubai, UAE
73%
Chichen Itza Yucatan State, Mexico
73%
Petronas Towers Kuala Lumpur, Malaysia
72%
Moai statues Easter Island, Chile
70%
Willis Tower aka Sears Tower Chicago, USA
69%
____ 101 Taipei, Taiwan
69%
Angkor Wat Angkor, Cambodia
66%
Sphinx Giza, Egypt
66%
____ Tower Tokyo, Japan
66%
United Nations Secretariat Building New York, USA
64%
Sultan Ahmed Mosque (Blue Mosque) Istanbul, Turkey
62%
_______ Cathedral Florence, Italy
61%
Stonehenge Wiltshire, England, UK
61%
Guggenheim Museum in ____ Bilbao, Spain
54%
Oriental Pearl Tower Shanghai, China
51%
Potala Palace Lhasa, Tibet, China
45%
Knossos Crete, Greece
38%
The Pentagon Arlington, Virginia, USA
32%
______ World Financial Center Shanghai, China
30%
Great _______ Zimbabwe
14%
No matching quizzes found
Score Distribution
Percent of People with Each Score
Percentile by Number Answered
Your Score History
You have not taken this quiz